Canadian Capitals Quiz Stats

 Plays Quiz Updated Dec 1, 2017

Score 0/13 Timer 03:00
29 Plays Today
% Correct
Toronto
90.5%
Quebec City
88.6%
Victoria
81.2%
Edmonton
80.5%
Winnipeg
76.8%
Halifax
76.7%
Yellowknife
76.2%
Regina
76.1%
Whitehorse
73%
St. Johns
71.6%
Charlottetown
64.3%
Iqaluit
58.4%
Fredericton
55.9%

You're not logged in!

Compare scores with friends on all Sporcle quizzes.
OR
Log In

Sporcle TV

Today on Sporcle TV


Watch our educational content, quiz creation guides, and fun videos on Sporcle TV.

Show Comments

Extras

Top Quizzes Today


Score Distribution

Your Account Isn't Verified!

In order to create a playlist on Sporcle, you need to verify the email address you used during registration. Go to your Sporcle Settings to finish the process.

Report this User

Report this user for behavior that violates our Community Guidelines.

Details: